LEADER 01168nam1 2200373 450 001 990005814120203316 005 20130305100558.0 035 $a000581412 035 $aUSA01000581412 035 $a(ALEPH)000581412USA01 035 $a000581412 100 $a20130305d--------km-y0itay50------ba 101 $aeng 102 $aUS 105 $a||||||||001yy 200 1 $aProbabilistic models in engineering sciences$fHarold J. Larson, Bruno O. Shubert 210 $aNew York [etc.]$cWiley & sons 215 $av.$d24 cm 410 0$12001 454 1$12001 463 \1$1001990005813980203316$12001 $aRandom variables and stochastic processes 463 \1$1001990005814150203316$12001 $aRandom noise, signals, and dynamic systems 606 0 $aCalcolo delle probabilità$2BNCF 676 $a519.2 700 1$aLARSON,$bHarold J.$029068 701 1$aSHUBERT,$bBruno O.$0104066 801 0$aIT$bsalbc$gISBD 912 $a990005814120203316 951 $a519.2 LAR$bIng.$c519.2 LAR 959 $aBK 969 $aTEC 979 $aALESSANDRA$b90$c20130305$lUSA01$h1005 996 $aProbabilistic models in engineering sciences$91089042 997 $aUNISA LEADER 03802nam 2201045Ia 450 001 9910953506403321 005 20241225110059.0 010 $a9786612262487 010 $a9781446280249 010 $a1446280241 010 $a9781282262485 010 $a1282262483 010 $a9781849206808 010 $a1849206805 035 $a(CKB)1000000000790742 035 $a(EBL)456721 035 $a(OCoLC)464670495 035 $a(SSID)ssj0000340071 035 $a(PQKBManifestationID)11256708 035 $a(PQKBTitleCode)TC0000340071 035 $a(PQKBWorkID)10387169 035 $a(PQKB)10288295 035 $a(SSID)ssj0000362819 035 $a(PQKBManifestationID)12109806 035 $a(PQKBTitleCode)TC0000362819 035 $a(PQKBWorkID)10381226 035 $a(PQKB)11583897 035 $a(MiAaPQ)EBC456721 035 $a(StDuBDS)EDZ0000165688 035 $a(Au-PeEL)EBL456721 035 $a(CaPaEBR)ebr10326814 035 $a(CaONFJC)MIL226248 035 $a(OCoLC)935270670 035 $a(OCoLC)1226773373 035 $a(FINmELB)ELB139770 035 $a206113 035 $a(FR-PaCSA)88869276 035 $a(FRCYB88869276)88869276 035 $a(EXLCZ)991000000000790742 100 $a19970715d1997 uy 0 101 0 $aeng 135 $aur||||||||||| 181 $ctxt 182 $cc 183 $acr 200 10$aManagers in the making $ecareers, development and control in corporate Britain and Japan /$fJohn Storey, Paul Edwards and Keith Sisson 205 $a1st ed. 210 $aLondon $cSage$d1997 215 $a1 online resource (viii, 262 p.) 225 1 $aIndustrial Management series 300 $aDescription based upon print version of record. 311 08$a9780761955412 311 08$a0761955410 311 08$a9780761955429 311 08$a0761955429 320 $aIncludes bibliographical references (p. [246]-253) and index. 327 $aCover; Table of Contents; Preface; 1 - Introduction: Managers and their Making; 2 - Contexts: Britain and Japan; 3 - Management Development Systems in British and Japanese Companies; 4 - Managerial Labour Markets and Management Careers; 5 - Training and Education; 6 - Management Development: Processes and Systems; 7 - The Evaluation, Reward and Control of Managers; 8 - Conclusions: Comparative Lessons; Appendix A: Sample and Methods; Appendix B: Questionnaire; References; Index 330 8 $a'Managers in the Making' questions the authenticity of the popular image of Japanese personnel and management development, which has been held up as a model in Europe, the US and elsewhere. 410 0$aIndustrial Management series 606 $aExecutives$zGreat Britain 606 $aExecutives$zJapan 606 $aCareer development$zGreat Britain 606 $aCareer development$zJapan 606 $aExecutives$xTraining of$zGreat Britain 606 $aExecutives$xTraining of$zJapan 606 $aIndustrial management$zGreat Britain 606 $aIndustrial management$zJapan 606 $aPersonnel management 606 $aBusiness planning 615 0$aExecutives 615 0$aExecutives 615 0$aCareer development 615 0$aCareer development 615 0$aExecutives$xTraining of 615 0$aExecutives$xTraining of 615 0$aIndustrial management 615 0$aIndustrial management 615 0$aPersonnel management. 615 0$aBusiness planning. 676 $a658.4071240941 700 $aStorey$b John$f1947-$0940568 701 $aEdwards$b Paul$061092 701 $aSisson$b Keith$0594560 801 0$bMiAaPQ 801 1$bMiAaPQ 801 2$bMiAaPQ 906 $aBOOK 912 $a9910953506403321 996 $aManagers in the making$94341383 997 $aUNINA LEADER 03667nam 2200685Ia 450 001 9911019338103321 005 20251116154121.0 010 $a9786612314049 010 $a9781282314047 010 $a1282314041 010 $a9780470318744 010 $a0470318740 010 $a9780470320433 010 $a0470320435 035 $a(CKB)1000000000687882 035 $a(EBL)702611 035 $a(SSID)ssj0000715087 035 $a(PQKBManifestationID)11416301 035 $a(PQKBTitleCode)TC0000715087 035 $a(PQKBWorkID)10700718 035 $a(PQKB)10143073 035 $a(MiAaPQ)EBC702611 035 $a(OCoLC)232611863 035 $a(Perlego)2748893 035 $a(iGPub)WILEYB0011625 035 $a(EXLCZ)991000000000687882 100 $a19830414d1982 uy 0 101 0 $aeng 135 $aur|n|---||||| 181 $ctxt 182 $cc 183 $acr 200 10$aProceedings of the 42nd Conference on Glass Problems $ea collection of papers presented at the 42nd Conference on Glass Problems ; Nov. 10-11, 1981, University of Illinois at Urbana-Champaign, Illini Union Building, Urbana, Illinois /$fsponsored by the Departments of Ceramic Engineering, University of Illinois and Ohio State University ; Clifton G. Bergeron, conference director 205 $a1st ed. 210 $aColumbus, OH $cAmerican Ceramic Society$d1982 215 $a1 online resource (112 p.) 225 1 $aCeramic engineering and science proceedings,$x0196-6219 ;$vv. 3, no. 3-4 300 $aDescription based upon print version of record. 311 08$a9780470373941 311 08$a0470373946 320 $aIncludes bibliographical references. 327 $aProceedings of the 42nd Conference on Glass Problems; Table of Contents; Emission Control for Glass Production Furnaces: A Comparison of Needs and Delivery; Kerr's Evolution with Baghouses for Particulate Control from Container Furnaces; Continuous Monitoring of NOx Emissions from Glass Furnaces; Post Combustion NOx Control Technology for Glass Furnaces; An Effective Method of Combustion Control and Heat Recovery for Regenerative Furnaces, Part I; Air Management for Regenerative Glass Furnaces; Low Soda Glass Development 327 $aHistory of High Temperature Materials for Hot-Glass Handling in Owens-Illinois Bottle PlantsThe Determination of Refractory Contaminants in Container-Glass Raw Materials; Glass Containers and the Consumer; Glass Recycling; Platinum-Glass Reactions 330 $aThis volume is part of the Ceramic Engineering and Science Proceeding (CESP) series. This series contains a collection of papers dealing with issues in both traditional ceramics (i.e., glass, whitewares, refractories, and porcelain enamel) and advanced ceramics. Topics covered in the area of advanced ceramic include bioceramics, nanomaterials, composites, solid oxide fuel cells, mechanical properties and structural design, advanced ceramic coatings, ceramic armor, porous ceramics, and more. 410 0$aCeramic engineering and science proceedings ;$vv. 3, no. 3-4. 606 $aGlass manufacture$vCongresses 606 $aGlass$vCongresses 615 0$aGlass manufacture 615 0$aGlass 676 $a666.1 701 $aBergeron$b Clifton G$01275107 712 02$aOhio State University.$bDepartment of Ceramic Engineering. 712 02$aUniversity of Illinois at Urbana-Champaign.$bDepartment of Ceramic Engineering. 801 0$bMiAaPQ 801 1$bMiAaPQ 801 2$bMiAaPQ 906 $aBOOK 912 $a9911019338103321 996 $aProceedings of the 42nd Conference on Glass Problems$93004682 997 $aUNINA